Monoatomic anions - Statistics

General Stats
  • This quiz has been taken 60 times
  • The average score is 9 of 13
Answer Stats
Hint Answer % Correct
O2- oxide
86%
S2- sulfide
86%
Br- bromide
76%
Cl- chloride
76%
I- iodide
76%
P3- phosphide
76%
N3- nitride
71%
As3- arsenide
67%
H- hydride
67%
Se2- selenide
67%
At- astatide
62%
F- fluoride
62%
Te2- telluride
62%
No matching quizzes found
Score Distribution
Percent of People with Each Score
Percentile by Number Answered
Your Score History
You have not taken this quiz